| 000 | 00992nam a22002297a 4500 | ||
|---|---|---|---|
| 005 | 20110725120732.0 | ||
| 008 | 110725t xxu||||| |||| 00| 0 mar d | ||
| 010 | _aMAR-21135 | ||
| 020 | _c160.00 | ||
| 035 | _aMR-13793 | ||
| 037 | _bDBAD/PUB | ||
| 040 |
_aDPL _bMR |
||
| 082 | _a891.4608 | ||
| 100 |
_930018 _aपाठक,अविनाश |
||
| 245 |
_aकालप्रवाहाच्या वळणांवरून / _cअविनाश पाठक |
||
| 246 |
_aKalpravahacha Valanavarun _bby Avinash Pathak |
||
| 260 |
_aनागपूर _bलाखे प्रकाशन _c2010 |
||
| 270 |
_aमुकुंदराज पथ,महाल _bनागपूर _e-02 |
||
| 300 |
_a152पृ _c22सेमी(अजिल्द) |
||
| 942 |
_2ddc _cMR _mपाठक _h891.4608 |
||
| 999 |
_c54350 _d54350 |
||